[Event "Skyland"]
[Site "?"]
[Date "2010.07.21"]
[Round "1"]
[White "Hales, William"]
[Black "Gordan, Daryl"]
[Result "1-0"]
[WhiteElo "1762"]
[BlackElo "1855"]
[Annotator "Deep Rybka 4 x64 (90s)"]
[PlyCount "71"]
[SourceDate "2006.11.11"]

{B08: Pirc Defence: Classical System} 1. e4 g6 2. d4 Bg7 3. Nf3 d6 4. Bc4 Nf6 {
Black threatens to win material: Nf6xe4} 5. Nc3 O-O 6. h3 {Consolidates g4} Nc6
7. Be3 a6 {Prevents intrusion on b5} 8. a3 {Black has a cramped position} b5 {
Black threatens to win material: b5xc4} 9. Ba2 Bb7 10. Qd2 {
Black has a cramped position} Na5 11. e5 dxe5 12. dxe5 Qxd2+ 13. Bxd2 Ne4 $4 {
Black has let it slip away} (13... Nd7 $142 {was necessary} 14. e6 Bxf3 15.
gxf3 Nb6 16. exf7+ Kh8 $11) 14. Nxe4 $18 Nc6 $2 (14... Bxe4 15. Bxa5 Bxf3 16.
gxf3 Bxe5 $18) 15. Nc5 Bc8 (15... Nd8 {there is nothing better in the position}
16. Nxb7 Nxb7 $18) 16. Bd5 Nxe5 17. Bxa8 Nxf3+ 18. Bxf3 Bxb2 19. Ra2 Bd4 (19...
Be5 {doesn't do any good} 20. c4 $1 {Decoy: c4} Bd6 21. Be3 bxc4 22. Rc2 $18)
20. Nb3 (20. Bb4 {keeps an even firmer grip} Be5 $18) 20... Bg7 (20... Bb6 {
doesn't get the cat off the tree} 21. a4 bxa4 22. Rxa4 $18) 21. O-O Be6 22. Bb7
(22. a4 {keeps an even firmer grip} Bc4 23. Re1 e6 $18) 22... Rd8 (22... Rb8 {
doesn't improve anything} 23. Bc6 $18) 23. Bxa6 (23. Bb4 $142 $5 {
and White can already relax} Bf6 $18) 23... Rxd2 24. Nxd2 Bxa2 25. Bxb5 Bd5 (
25... Bc3 {does not win a prize} 26. Rd1 $18) 26. c4 Be6 (26... Bb7 {
does not improve anything} 27. Rd1 Bc3 28. Nb3 $18) 27. Ne4 (27. a4 {
makes it even easier for White} Bd4 28. Nb3 Ba7 $18) 27... Bd4 (27... Be5 {
is not the saving move} 28. Nc5 Bf5 29. a4 $18) 28. Ng5 Bf5 29. Rd1 (29. g4 {
might be the shorter path} Be6 $18) 29... Bb6 (29... Bc5 {is no salvation} 30.
a4 f6 31. Nf3 $18) 30. g4 Bc2 31. Rd2 Bb1 32. a4 h6 33. Nf3 Be4 (33... Ba5 {
does not save the day} 34. Bc6 Bc3 35. Rd7 $18) 34. Nd4 e6 (34... Ba5 {
cannot change destiny} 35. Re2 f5 36. gxf5 gxf5 37. Bc6 $18) 35. Nc6 Bxc6 36.
Bxc6 1-0

[Event "TAO 59"]
[Site "?"]
[Date "2010.07.10"]
[Round "3"]
[White "Embler, Matt"]
[Black "Chen, Kevin"]
[Result "0-1"]
[WhiteElo "1732"]
[BlackElo "1728"]
[Annotator "Deep Rybka 4 x64 (90s)"]
[PlyCount "96"]
[SourceDate "2006.11.11"]

{C54: Giuoco Piano: 4 c3 Nf6, main lines with 5 d4 and 5 d3} 1. e4 e5 2. Nf3 {
White threatens to win material: Nf3xe5} Nc6 3. Bc4 Bc5 4. c3 {Covers b4} Nf6
5. d4 exd4 6. cxd4 {White has a very active position} Bb4+ 7. Nc3 Nxe4 8. O-O
Bxc3 9. d5 {White threatens to win material: d5xc6} Ne7 (9... Ne5 $5 {
is worth looking at} 10. bxc3 Nxc4 $11) 10. bxc3 $14 {
Black's piece can't move: c8} O-O {Black castles and improves king safety} 11.
Re1 {White threatens to win material: Re1xe4} Nf6 12. Bg5 Ng6 {
Black has a cramped position. Black's piece can't move: c8} 13. Nh4 (13. d6 $5
$14) 13... d6 $11 14. Nxg6 hxg6 15. Qc2 Bf5 16. Bd3 (16. Qb2 $5 $11) 16... Bxd3
$15 17. Qxd3 Qd7 18. Bxf6 gxf6 {Black has a new doubled pawn: f7} 19. Re3 Rfe8
20. Rh3 Kg7 21. Qd2 Rh8 22. Rf3 Rh5 23. Qd4 Qe7 24. Re3 Re5 25. Rae1 Qd7 26.
Kf1 (26. h3 Qb5 $17) 26... Rae8 27. c4 (27. Rxe5 Rxe5 28. Qc4 Rxe1+ 29. Kxe1
Qf5 $19) 27... b6 (27... Qa4 28. R1e2 b5 29. g4 $19) 28. h3 $2 (28. Qd3 c6 $17)
28... Rxe3 (28... Qa4 $142 $5 $19) 29. Rxe3 $17 Rxe3 30. Qxe3 Qa4 31. Qb3 (31.
Qe2 Qb4 32. Qd3 Qb2 $17) 31... Qxb3 $19 32. axb3 f5 33. b4 $4 {
shortens the misery for White} (33. f4 $142 $19) 33... a5 34. bxa5 bxa5 35. Ke2
Kf6 36. f4 (36. g3 {doesn't change anything anymore} a4 37. Kd3 a3 $19) 36...
g5 37. Kd3 gxf4 38. Kc3 Kg5 39. c5 Kh4 40. cxd6 cxd6 41. Kc4 Kg3 42. h4 Kxh4 (
42... Kxg2 43. h5 f3 44. h6 f2 45. Kb5 f1=Q+ 46. Ka4 Qa1+ 47. Kb5 f4 48. Kc6
Qh8 49. h7 f3 50. Kb7 f2 51. Kc6 f1=Q 52. Kc7 Qb5 53. Kxd6 Qhe8 54. h8=Q Qb6#)
43. Kb5 (43. Kb3 {cannot undo what has already been done} a4+ $1 {
and the rest is history} 44. Kxa4 Kg3 45. Kb5 Kxg2 46. Kc6 f3 47. Kxd6 f2 48.
Ke7 f1=Q 49. d6 Qe1+ 50. Kd8 Qa5+ 51. Ke8 Qe5+ 52. Kd7 Qc5 53. Ke7 f4 54. Kf8
Qxd6+ 55. Kg7 f3 56. Kxf7 f2 57. Ke8 Qc7 58. Kf8 Qd7 59. Kg8 f1=Q 60. Kh8 Qf8#)
43... a4 $1 {puts the final touch} 44. Kc6 (44. Kxa4 Kg3 {Combination}) 44...
a3 45. Kxd6 (45. Kd7 {cannot change destiny} a2 46. Kxd6 a1=Q 47. Kc6 Qc3+ 48.
Kb5 Kg5 49. d6 Kf6 50. g4 Ke6 51. d7 Kxd7 52. gxf5 Kc7 53. f6 Qd4 54. Ka5 Kc6
55. Ka6 Qa4#) 45... a2 46. Kc7 (46. Kc5 {does not save the day} a1=Q 47. d6 Qa4
48. Kb6 Qd7 49. Kc5 Kg3 50. Kd5 Kxg2 51. Ke5 f3 52. Kf6 f2 53. Ke5 Qe6+ 54. Kd4
f1=Q 55. Kc3 Qec4+ 56. Kd2 Qcc1#) 46... a1=Q 47. d6 Qa7+ 48. Kc8 (48. Kc6 {
a fruitless try to alter the course of the game} f3 $1 {Decoy: f3} 49. g3+ Kg4
50. d7 Qb8 51. d8=Q Qxd8 52. Kc5 f2 53. Kb5 f1=Q+ 54. Kb4 Qd4+ 55. Ka3 Qc1+ 56.
Ka2 Qdc4#) 48... Qc5+ (48... Qc5+ 49. Kd7 f3 50. gxf3 Kg5 51. Ke7 f4 52. Kd8
Kf6 53. Kd7 Qc2 54. Kd8 Qc6 55. d7 Qc5 56. Ke8 Qe7#) 0-1

[Event "Asheboro Open 59"]
[Site "?"]
[Date "2010.07.10"]
[Round "1"]
[White "Cunningham, Robin"]
[Black "Baldwin, Scott"]
[Result "1-0"]
[WhiteElo "2283"]
[BlackElo "1908"]
[Annotator "Deep Rybka 4 x64 (90s)"]
[PlyCount "121"]
[SourceDate "2006.11.11"]

{B13: Caro-Kann: Exchange Variation and Panov-Botvinnik Attack} 1. e4 c6 {
Secures b5} 2. d4 d5 3. exd5 cxd5 4. c4 {
Black has a cramped position. Black's piece can't move: f8} Nf6 5. Nc3 Nc6 6.
Nf3 Bg4 7. cxd5 Bxf3 (7... Nxd5 8. Bc4 e6 9. O-O $11) 8. gxf3 (8. Qxf3 $5 Nxd4
9. Qd1 $14) 8... Nxd5 $11 {
White has the pair of bishops. The knight is not easily driven from d5} 9. Qb3
e6 {Covers d5} 10. Qxb7 Nxd4 11. Bb5+ Nxb5 12. Qc6+ Ke7 {
Black loses the right to castle} 13. Qxb5 Qd7 14. Nxd5+ Qxd5 15. Qxd5 exd5 16.
Be3 Ke6 17. O-O-O Rc8+ 18. Kb1 Bc5 19. Rhe1 Bxe3 20. Rxe3+ Kd6 21. Ra3 Rc7 22.
Ra5 {Attacks the isolani on d5. White threatens to win material: Ra5xd5} Rhc8
23. Rdxd5+ Ke6 {Black has a mate threat} 24. Rd1 g6 25. a4 h5 (25... Kf6 26.
Rdd5 $11) 26. Ra6+ (26. f4 Kf6 $14) 26... Ke5 $11 27. Re1+ (27. Rg1 Kf4 $11)
27... Kf5 28. h4 f6 29. Ree6 {White threatens to win material: Re6xf6} Rf8 30.
Re4 g5 31. Ra5+ Kg6 32. hxg5 fxg5 $4 {
there were better ways to keep up the pressure} (32... f5 $142 {was much better
} 33. Re1 Kxg5 $11) 33. Ree5 $18 Rxf3 34. Rxg5+ Kf6 35. Rxh5 Rxf2 36. Ra6+ Ke7
(36... Kg7 37. Ka2 $18) 37. Rh7+ Rf7 38. Rxf7+ Kxf7 39. Rd6 Ke7 (39... a5 40.
Ka2 $18) 40. Rd4 (40. Rh6 $142 $5 {makes it even easier for White} Kf8 $18)
40... Ke6 41. Ka2 Ke5 42. Rd8 Ke6 (42... a5 43. Kb3 $18) 43. Ka3 (43. b4 $142
a5 44. bxa5 $18) 43... Ke5 $2 (43... a5 44. b3 $18) 44. a5 (44. b4 $142 {
keeps an even firmer grip} Rc1 45. Kb2 $18) 44... Rb7 $4 {
Black crumbles in face of a dire situation} (44... a6 $142 $18) 45. b4 Ke6 46.
Kb3 (46. Ka4 Rg7 47. a6 Ke5 $18) 46... Ke7 47. Rd4 Ke6 (47... Rc7 {
does not help much} 48. Ka4 Rb7 49. b5 $18) 48. Kc4 Ke5 (48... Rb8 $18 {
is one last hope}) 49. Rd8 Ke6 50. b5 Rc7+ 51. Kb4 Ke7 (51... Rd7 52. Ra8 Kd6
53. a6 $18) 52. Rd4 (52. Rh8 Kf6 53. a6 $18) 52... Rc1 53. b6 axb6 (53... a6
$18 {is still a small chance}) 54. axb6 Rb1+ (54... Rc8 {
does not improve anything} 55. Kb5 Kf6 56. b7 Rb8 57. Kb6 Ke5 58. Ra4 Kd5 59.
Ra8 Rxb7+ 60. Kxb7 Ke5 61. Kc6 Kf4 62. Kd5 Ke3 63. Ke5 Kd3 64. Rc8 Ke3 65. Rc3+
Kd2 66. Kd4 Ke2 67. Ke4 Kd2 68. Rc5 Ke2 69. Rd5 Kf2 70. Rd2+ Kg3 71. Kf5 Kf3
72. Rd3+ Kg2 73. Ke4 Kf2 74. Rc3 Kg2 75. Re3 Kf2 76. Kf4 Kg2 77. Rf3 Kh2 78.
Rf2+ Kh1 79. Kg3 Kg1 80. Rf5 Kh1 81. Rf1#) 55. Kc5 Rc1+ (55... Rb2 {
cannot change what is in store for ?} 56. Kc6 Rc2+ 57. Kb5 Rf2 58. b7 Rf8 59.
Kc5 Ke6 60. Kb6 Rh8 61. Ra4 Ke7 62. Re4+ Kf6 63. Ka7 Kf5 64. Rb4 Ke6 65. b8=Q
Rxb8 66. Kxb8 Ke5 67. Kb7 Kf5 68. Kc6 Ke5 69. Rc4 Kf6 70. Kd5 Kf5 71. Rd4 Kf6
72. Rf4+ Kg5 73. Ke5 Kg6 74. Ke6 Kg5 75. Rb4 Kg6 76. Rg4+ Kh5 77. Kf5 Kh6 78.
Kf6 Kh7 79. Rb4 Kh8 80. Kg6 Kg8 81. Rb8#) 56. Kb5 Rb1+ (56... Rc8 {
is not the saving move} 57. b7 Rh8 58. Kc6 Kf6 59. Rf4+ Kg5 60. Rb4 Rb8 61. Kc7
Rf8 62. b8=Q Rxb8 63. Rxb8 Kf5 64. Kd6 Ke4 65. Rc8 Kf5 66. Rc4 Kf6 67. Rc5 Kf7
68. Rf5+ Kg7 69. Ke5 Kg6 70. Kf4 Kh6 71. Rf6+ Kg7 72. Kg5 Kh7 73. Rf7+ Kh8 74.
Kh6 Kg8 75. Kg6 Kh8 76. Rf8#) 57. Kc6 (57. Rb4 Rd1 58. b7 Rd8 59. Kc6 Ke6 60.
b8=Q Rxb8 61. Rxb8 Ke5 62. Kd7 Kf5 63. Rb4 Ke5 64. Ke7 Kd5 65. Rf4 Ke5 66. Ra4
Kd5 67. Rh4 Ke5 68. Rc4 Kf5 69. Rd4 Kg5 70. Ke6 Kg6 71. Rd5 Kg7 72. Rh5 Kg6 73.
Ra5 Kg7 74. Ra3 Kg6 75. Rg3+ Kh6 76. Kf5 Kh7 77. Kf6 Kh8 78. Kf7 Kh7 79. Rh3#)
57... Rc1+ 58. Kb7 Rb1 (58... Rf1 {does not win a prize} 59. Kc7 Rc1+ 60. Kb8
Rg1 61. Ra4 Rb1 62. Ka7 Ke6 63. b7 Rb2 64. b8=Q Rxb8 65. Kxb8 Kd6 66. Ra6+ Ke5
67. Kb7 Kf5 68. Ra4 Kf6 69. Kc8 Ke5 70. Kd7 Kf5 71. Kd6 Kf6 72. Ra8 Kf7 73. Ra5
Kf6 74. Kd7 Kg7 75. Re5 Kf6 76. Rb5 Kg6 77. Ke7 Kg7 78. Rb6 Kg8 79. Kf6 Kh7 80.
Kf7 Kh8 81. Rh6#) 59. Kc7 Rc1+ 60. Kb8 Rb1 (60... Kf6 {doesn't improve anything
} 61. b7 Rb1 62. Kc8 Ke5 63. Rh4 Rc1+ 64. Kd7 Rb1 65. Kc6 Kf6 66. Rh5 Kg7 67.
Rb5 Rxb5 68. Kxb5 Kf7 69. b8=Q Kf6 70. Qf4+ Kg7 71. Kc6 Kg8 72. Qd4 Kf7 73. Qg4
Kf6 74. Kd6 Kf7 75. Qg5 Kf8 76. Ke6 Ke8 77. Qg8#) 61. b7 (61. b7 Ke6 62. Kc7
Ke5 63. Ra4 Kd5 64. b8=Q Rxb8 65. Kxb8 Kd6 66. Ra5 Kc6 67. Re5 Kd6 68. Rg5 Kc6
69. Kc8 Kd6 70. Kd8 Ke6 71. Rh5 Kd6 72. Rb5 Ke6 73. Kc7 Kf7 74. Kd6 Kf6 75. Re5
Kf7 76. Re6 Kf8 77. Re7 Kg8 78. Ke5 Kh8 79. Rc7 Kg8 80. Kf6 Kh8 81. Kg6 Kg8 82.
Rc8#) 1-0

[Event "Asheboro Open 59"]
[Site "?"]
[Date "2010.07.10"]
[Round "2"]
[White "Watson, James"]
[Black "Cunningham, Robin"]
[Result "1/2-1/2"]
[WhiteElo "1915"]
[BlackElo "2283"]
[Annotator "Deep Rybka 4 x64 (90s)"]
[PlyCount "61"]
[SourceDate "2006.11.11"]

{C55: Two Knights: 4 d3, 4 d4 exd4 5 e5 and Max Lange Attack} 1. e4 Nf6 2. Nc3
e5 3. Bc4 Nxe4 4. Nf3 {White threatens to win material: Nf3xe5} Nc6 5. O-O Nxc3
6. dxc3 {White has a king attack} Be7 7. Qd5 {White has a mate threat} O-O 8.
Nxe5 Nxe5 9. Qxe5 {Black has a cramped position. Black's piece can't move: c8}
Bf6 10. Qg3 d5 11. Bd3 Be6 12. f4 Qd6 13. Qf3 Bd7 14. f5 Be5 (14... c5 15. Rd1
$15) 15. g3 {Prevents intrusion on f4} d4 16. c4 Bc6 {
Black threatens to win material: Bc6xf3} 17. Qg4 f6 {Controls g5} 18. Bf4 Rae8
19. h4 (19. Bd2 b6 $15) 19... Bxf4 $17 20. Rxf4 Re3 21. Kh2 (21. h5 h6 $17)
21... Qe5 (21... Qb4 $142 $5 22. Raf1 Qxb2 $19) 22. Raf1 Re8 23. h5 h6 24. b4
b6 25. Rxd4 $2 (25. Kh3 Rd8 $17) 25... Rxg3 $4 {Black is ruining his position}
(25... Re2+ $142 {and Black has prevailed} 26. Bxe2 Qxe2+ 27. Qxe2 Rxe2+ 28.
Kg1 Rg2+ 29. Kh1 Rxc2+ 30. Kg1 Rg2+ 31. Kh1 Rxa2+ 32. Rd5 a5 33. bxa5 bxa5 $19)
26. Qxg3 $17 Qxd4 27. Rf4 (27. Qf4 Qc3 28. b5 Bb7 $17) 27... Qa1 (27... Qc3 $5
28. b5 Bb7 $19) 28. Rf1 $17 Qd4 {Twofold repetition} 29. Rf4 Re1 $4 {
with this move Black loses his initiative} (29... Qc3 $142 30. b5 Bb7 $19) 30.
Qxg7+ $16 (30. Rxd4 $4 {will allow a snap mate in 1} Rh1#) 30... Kxg7 31. Rxd4
1/2-1/2

[Event "TAO 59"]
[Site "?"]
[Date "2010.07.10"]
[Round "3"]
[White "Cunningham, Robin"]
[Black "Greene, Matthew"]
[Result "1-0"]
[WhiteElo "2283"]
[BlackElo "1750"]
[Annotator "Deep Rybka 4 x64 (90s)"]
[PlyCount "41"]
[SourceDate "2006.11.11"]

{B07: Pirc Defence: Miscellaneous Systems} 1. e4 d6 2. d4 Nf6 {
Black threatens to win material: Nf6xe4} 3. Nc3 g6 4. g3 Bg7 {
Black has a cramped position} 5. Bg2 O-O 6. Nge2 c6 {Consolidates b5+d5} 7. a4
a5 8. h3 {Covers g4} Nbd7 9. Bg5 Qc7 10. Qd2 {
Black has a cramped position. Black's piece can't move: c8} Nb6 11. b3 {
Consolidates c4} e5 12. O-O h5 (12... d5 13. Bxf6 Bxf6 14. exd5 exd4 15. Nxd4
Nxd5 16. Nxd5 (16. Bxd5 $143 Bxh3 17. Rfe1 Rad8 $15 (17... cxd5 $143 18. Nxd5
Qd8 19. c4 $14)) 16... cxd5 17. Nb5 $11) 13. Rad1 $14 Ne8 (13... Nbd7 14. dxe5
dxe5 15. f4 $14) 14. Be3 (14. dxe5 $5 Bxe5 15. f4 $16) 14... Nd7 15. f4 f5 (
15... exd4 $5 16. Nxd4 Nc5 $16) 16. dxe5 dxe5 17. Qd3 b6 $4 {
another bit of territory lost} (17... exf4 $142 18. gxf4 Nb8 $16) 18. exf5 $18
gxf5 (18... Nc5 {is the last straw} 19. Bxc5 bxc5 20. fxg6 Bf5 21. Qc4+ Kh8 22.
Qxc5 Bxg6 23. fxe5 Rxf1+ 24. Rxf1 Qa7 25. Qxa7 Rxa7 26. Bxc6 Kh7 $18) 19. Qc4+
Kh7 20. Qxc6 (20. Bxc6 $142 {secures victory} Ra7 21. Nb5 $18) 20... Ra7 (20...
Rb8 21. Nb5 Qxc6 22. Bxc6 Nef6 $18) 21. Nb5 (21. Nb5 Nb8 22. Qxc7 Rxc7 23. Nxc7
Nxc7 24. Bxb6 $18) 1-0

[Event "TAO 59"]
[Site "?"]
[Date "2010.07.10"]
[Round "1"]
[White "McCartney, Patrick"]
[Black "Gragg, Mark"]
[Result "1/2-1/2"]
[WhiteElo "2008"]
[BlackElo "1824"]
[Annotator "Deep Rybka 4 x64 (90s)"]
[PlyCount "126"]
[SourceDate "2006.11.11"]

{A20: English Opening: 1...e5} 1. c4 e5 2. g3 f5 3. Nf3 d6 {Covers e5} 4. d4 e4
{Black wins space} 5. Nh4 Be7 {Black threatens to win material: Be7xh4} 6. Ng2
Nf6 7. Bg5 (7. Nc3 O-O $11) 7... O-O 8. Nc3 c6 {Controls b5+d5} 9. e3 Na6 10.
a3 {Consolidates b4} Nc7 11. Nf4 Ne6 12. Bxf6 Bxf6 {
Black has the pair of bishops} ({Inferior is} 12... gxf6 13. Nxe6 Bxe6 14. d5
$16) 13. Rc1 Nxf4 14. gxf4 Kh8 15. h4 Bd7 16. Kd2 (16. h5 $5 $15) 16... c5 $17
17. d5 a6 18. f3 (18. h5 $142 $5 $17) 18... exf3 $19 19. Qxf3 b5 20. Bd3 (20.
h5 b4 21. axb4 cxb4 $19) 20... b4 21. axb4 cxb4 22. Nd1 Qa5 (22... a5 23. Qe2
$19) 23. Ke2 (23. h5 Qc5 $19) 23... Rae8 (23... Qc5 24. Qh5 $19) 24. Kf2 Qc5
25. b3 a5 26. h5 a4 27. bxa4 b3 (27... Ra8 28. Kg2 $19) 28. Kg3 (28. Rb1 Qa3
$19) 28... Qb4 29. Nf2 Qxa4 30. c5 $2 (30. Rb1 $142 $19) 30... dxc5 31. Rxc5 (
31. Qe2 $19) 31... Qa2 (31... Qa7 {makes it even easier for Black} 32. Rhc1 b2
33. R1c4 $19) 32. Rd1 $4 {cause more grief} (32. Rc7 $142 Bc8 33. d6 $17) 32...
Qa7 $19 33. Rdc1 b2 34. R1c4 Bb5 $3 {the opponent will choke on this} 35. Nd1 (
35. Rxb5 Rxe3 {Combination}) 35... Bxc4 36. Rxc4 Qa3 (36... Qa6 {
keeps an even firmer grip} 37. Nxb2 Bxb2 38. Qe2 $19) 37. e4 (37. Bc2 {
cannot undo what has already been done} Rb8 38. Nxb2 Bxb2 $19 (38... Qxb2 $143
39. Bxf5 Qd2 40. Rc2 Qe1+ 41. Qf2 $19)) 37... fxe4 38. Rxe4 Qb3 39. Rxe8 (39.
Nxb2 {does not help much} Qxb2 40. Re6 Qd4 $19) 39... Rxe8 40. d6 (40. Nxb2 {
is not the saving move} Qxb2 41. d6 Qb6 $19) 40... b1=Q 41. Bxb1 Qxb1 42. d7
Rg8 43. Qd5 Qb4 44. Ne3 Qd4 (44... Qe1+ {seems even better} 45. Kf3 $19) 45.
Qe6 (45. Qxd4 {is no salvation} Bxd4 46. Nf5 Bc5 $19) 45... g5 46. hxg6 Rxg6+
47. Kf3 Rg8 48. Qf5 (48. Ng4 {doesn't get the cat off the tree} Qd3+ 49. Ne3
Rf8 $19) 48... Rd8 (48... Rf8 $142 $19 {and Black can already relax}) 49. Nd5 (
49. Qe6 {cannot change what is in store for ?} Rf8 50. Qe8 Qd6 $19) 49... Bg7 (
49... Qd1+ 50. Kf2 Bd4+ 51. Kg3 Qg1+ 52. Kh3 Qh1+ 53. Kg3 Rg8+ 54. Qg5 Qxd5 55.
d8=Q Qxd8 56. Qxg8+ Qxg8+ 57. Kf3 Qe6 58. Kg3 Qe2 59. Kh4 h5 60. Kg5 Qg4+ 61.
Kh6 Bg7#) 50. Qe6 $19 Qd1+ (50... Qd3+ $142 {might be the shorter path} 51. Ne3
Qxd7 52. Qxd7 Rxd7 53. Kg4 $19) 51. Kg2 (51. Kg3 {doesn't improve anything}
Qb3+ 52. Kg4 h5+ 53. Kxh5 $19) 51... Rg8 (51... Qa4 $142 $19 {and Black wins})
52. Qxg8+ $3 $18 {sacrificing for victory} Kxg8 53. d8=Q+ Bf8 (53... Kf7 54.
Qd7+ Kf8 55. Qf5+ Ke8 56. Qe6+ Kf8 57. Qe7+ Kg8 58. Qe8+ Bf8 59. Ne7+ Kg7 60.
Nf5+ Kf6 61. Qxf8+ Ke6 62. Ng7+ Kd7 63. Qe8+ Kc7 64. Ne6+ Kb7 65. Qb5+ Ka7 66.
Qa5+ Kb7 67. Nc5+ Kb8 68. Qb6+ Kc8 69. Qc6+ Kd8 70. Nb7+ Ke7 71. Qc7+ Kf6 72.
Qe5+ Kg6 73. Qd6+ Qxd6 74. Nxd6 Kh6 $18) 54. Qg5+ (54. Nf6+ Kg7 55. Qxd1 Kxf6
56. Qd7 Ba3 57. f5 Ke5 58. Qb5+ Ke4 59. Qa4+ Kxf5 60. Qxa3 Ke4 61. Qa8+ Ke5 62.
Kf3 h5 63. Qc6 h4 64. Qc5+ Kf6 65. Kf4 Ke6 66. Qc6+ Kf7 67. Kg5 Ke7 68. Kf5 h3
69. Qc7+ Ke8 70. Ke6 h2 71. Qb8#) 54... Kf7 55. Qf6+ Kg8 56. Qe6+ Kh8 57. Qe5+
Kg8 58. Nf6+ Kf7 59. Ne4 Qg4+ 60. Kf2 Qh4+ 61. Kf3 Qh3+ 62. Ng3 Qe6 63. Qc7+
Be7 1/2-1/2

[Event "Asheboro Open 59"]
[Site "?"]
[Date "2010.07.10"]
[Round "1"]
[White "Maynard, Stephen"]
[Black "Liu, Dan"]
[Result "1-0"]
[WhiteElo "1890"]
[BlackElo "2000"]
[Annotator "Deep Rybka 4 x64 (90s)"]
[PlyCount "43"]
[SourceDate "2006.11.11"]

{B02: Alekhine's Defence: Chase Variation and lines with early Nc3} 1. e4 Nf6 {
Black threatens to win material: Nf6xe4} 2. Nc3 (2. e5 Nd5 $14) 2... d5 3. exd5
Nxd5 4. Nf3 e6 {Controls d5} 5. Bc4 Be7 6. O-O O-O {
Black castles and improves king safety} 7. Re1 Nc6 8. d4 b6 9. Nxd5 exd5 10.
Bd3 Bg4 11. c3 {Prevents intrusion on b4} Bd6 12. Qc2 (12. h3 Bh5 $14) 12... h6
(12... Bxf3 $142 13. gxf3 Qh4 $17) 13. Ne5 $14 Nxe5 14. dxe5 Re8 {
Black threatens to win material: Re8xe5} 15. Bf4 Bc5 16. b4 Bf8 17. Re3 Kh8 18.
Rg3 Qh4 19. Bf5 {White threatens to win material: Bf5xg4} (19. Bb5 Red8 $14)
19... Bh5 (19... Bxf5 $142 $5 {is an interesting alternative} 20. Qxf5 Qe7 $11)
20. Qd2 $16 d4 $4 {causes even greater problems} (20... Qe7 $142 $16) 21. Rh3
$18 dxc3 22. Qe3 (22. Qe3 Qe7 23. Rxh5 $18) (22. Rxh4 $6 {
is the less attractive alternative} cxd2 23. Rxh5 g6 $11) 1-0

[Event "TAO 59"]
[Site "?"]
[Date "2010.07.10"]
[Round "3"]
[White "King, Paul"]
[Black "Gragg, Mark"]
[Result "1-0"]
[WhiteElo "1802"]
[BlackElo "1840"]
[Annotator "Deep Rybka 4 x64 (90s)"]
[PlyCount "25"]
[SourceDate "2006.11.11"]

{A82: Dutch Defence: Staunton Gambit} 1. d4 f5 2. e4 (2. Nf3 e6 $14) 2... fxe4
$11 3. f3 exf3 4. Nxf3 e6 (4... Nf6 5. Bd3 g6 6. Nc3 $11) 5. Bd3 Nf6 {
Black is behind in developement. Black's piece can't move: c8} 6. O-O Be7 $2 (
6... Bd6 $14) 7. Ne5 $4 {hands over the advantage to the opponent} (7. Ng5 $142
$18 {White has a promising position}) 7... d6 $15 8. Rxf6 $2 {
White traps the enemy king in the center} (8. Ng4 $142 O-O 9. Nc3 $15) 8...
dxe5 $4 {throwing away the advantage} (8... Bxf6 $142 9. Qh5+ g6 10. Bxg6+ Ke7
$17) 9. Qh5+ $16 Kd7 10. Rxe6 Qf8 $4 {leading to a quick end} (10... Kxe6 $142
11. Bf5+ Kd6 12. dxe5+ Kc6 13. Qf3+ Kb6 14. Qb3+ Kc6 $18) 11. Bf5 Kd8 (11... g6
{doesn't do any good} 12. Rf6+ Kd8 13. Rxf8+ Rxf8 14. Bxg6 hxg6 15. Qxg6 $18)
12. Rxe7 $1 {Double attack: h7/e7} (12. Rxe5 {is a weaker possibility} g6 13.
Qf3 gxf5 $17) 12... Nc6 (12... Kxe7 13. Bg5+ {Double attack}) (12... Qxe7 13.
Bg5 {Pinning} (13. Bg5 {Decoy})) 13. Rf7 (13. Rf7 Bxf5 14. Qg5+ Ke8 15. Rxf8+
Rxf8 16. d5 $18) 1-0

[Event "Asheboro Open 59"]
[Site "?"]
[Date "2010.07.10"]
[Round "1"]
[White "Williams, Mike"]
[Black "Embler, Matt"]
[Result "0-1"]
[WhiteElo "1929"]
[BlackElo "1743"]
[Annotator "Williams,Mike"]
[PlyCount "90"]
[EventDate "2010.07.11"]
[EventType "swiss"]
[EventRounds "3"]
[SourceDate "2006.11.11"]

1. e4 e5 2. Nf3 Nf6 3. Nc3 Bb4 4. Bc4 Nc6 5. d3 d5 6. exd5 Nxd5 7. Bd2 Be6 8.
O-O Nxc3 9. bxc3 Bxc4 10. cxb4 Be6 11. Bc3 f6 12. b5 Nd4 13. Bxd4 exd4 14. Qe2
Kf7 15. Qe4 (15. Rfe1 Re8 16. Qe4 {would have turned out better}) 15... Bd5 16.
Qxd4 Bxf3 17. Qxd8 Raxd8 18. gxf3 Rd5 19. a4 Rg5+ 20. Kh1 Rf5 21. Kg2 Rg5+ 22.
Kh3 Rd8 23. Rfe1 Rdd5 24. f4 $2 ({Much simpler and safer was} 24. Re4) 24...
Rg6 25. f5 $4 ({Gripped by panic I failed to find} 25. Kh4 Rg2 26. Re4 g6 27.
Kh3 Rxf2 28. Rc4 $11) 25... Rxf5 26. Re4 Rf3+ 27. Kh4 Rxf2 (27... f5 $1 {
forces mate after} 28. Rd4 Kf6) 28. Kh3 Rxc2 (28... Rf3+ 29. Kh4 f5 {still wins
}) 29. Rae1 Rh6+ 30. Kg3 Rhxh2 31. Re7+ Kg6 32. Rd7 h5 33. Ree7 h4+ 34. Kf4
Rcf2+ 35. Ke3 Re2+ 36. Kf4 Rxe7 37. Rxe7 Rg2 38. Rxc7 h3 39. Kf3 Rg5 40. Rc2
Rh5 41. Rh2 Kf5 42. a5 g5 43. Kg3 g4 44. d4 Kg5 45. d5 f5 0-1